Parental Pressure and School Performance of Grade 4 and Garde 5 Students of SISC (Record no. 290424)
[ view plain ]
| 000 -LEADER | |
|---|---|
| fixed length control field | 00401nam a22001457a 4500 |
| 003 - CONTROL NUMBER IDENTIFIER | |
| control field | SISC |
| 005 - DATE AND TIME OF LATEST TRANSACTION | |
| control field | 20170525085158.0 |
| 008 - FIXED-LENGTH DATA ELEMENTS--GENERAL INFORMATION | |
| fixed length control field | 160118b xxu||||| |||| 00| 0 eng d |
| 100 ## - MAIN ENTRY--PERSONAL NAME | |
| Personal name | Kim, Keum Do |
| 245 ## - TITLE STATEMENT | |
| Title | Parental Pressure and School Performance of Grade 4 and Garde 5 Students of SISC |
| Statement of responsibility, etc | Kim, Keum Do |
| 260 ## - PUBLICATION, DISTRIBUTION, ETC. (IMPRINT) | |
| Date of publication, distribution, etc | 2015 |
| 300 ## - PHYSICAL DESCRIPTION | |
| Extent | 20 p. |
| 500 ## - GENERAL NOTE | |
| General note | Includes Bibliography |
| 942 ## - ADDED ENTRY ELEMENTS (KOHA) | |
| Source of classification or shelving scheme | Library of Congress Classification |
| Koha item type | Books |
No items available.